| 000 | 00920nam a2200217Ii 4500 | ||
|---|---|---|---|
| 003 | JO-AjNU | ||
| 008 | 230605s9999||||xx |||||||||||||| ||und|| | ||
| 020 | _a978-1-56564-605-6 | ||
| 040 |
_aJO-AjNU _bara _erda _cJO-AjNU |
||
| 041 | _aara | ||
| 050 | 1 | 4 | _aDS36.85.C48 2012 |
| 100 | 3 |
_aشابرا، محمد عمر ؛ ترجمة محمد زهير السمهوري, _eauthor _952357 |
|
| 245 | 0 | 0 | _aالحضارة الإسلامية أسباب الإنحطاط والحاجة الى الإصلاح |
| 250 | _aط1 | ||
| 264 | 3 | 1 | _aفيرجينيا: المعهد العالمي للفكر الاسلامي، 2012 |
| 300 |
_a272ص _bالمراجع ص 247-268 ؛ الكشاف ص 269-272 |
||
| 336 |
_atext _btxt _2rdacontent |
||
| 337 |
_aunmediated _bn _2rdamedia |
||
| 338 |
_avolume _bnc _2rdacarrier |
||
| 650 | 4 |
_aالفكر الاسلامي- الحضارة الاسلامية- التجديد والاصلاح _952358 |
|
| 999 |
_aA23188 _c26756 _d26756 |
||